Normal view
MARC view
Entry Topical Term
001 - CONTROL NUMBER
- control field: 483
003 - CONTROL NUMBER IDENTIFIER
- control field: BD-RjUL
005 - DATE AND TIME OF LATEST TRANSACTION
- control field: 20220103181919.0
008 - FIXED-LENGTH DATA ELEMENTS
- fixed length control field: 220103|| aca||aabn | a|a d
040 ## - CATALOGING SOURCE
- Original cataloging agency: BD-RjUL
- Transcribing agency: BD-RjUL
150 ## - HEADING--TOPICAL TERM
- Topical term or geographic name entry element: বাংলাদেশ
- General subdivision: ইতিহাস
- Chronological subdivision: বিপ্লব, 1971
- General subdivision: সচিত্র কাজ।
670 ## - SOURCE DATA FOUND
- Source citation: Work cat.: (BD-RjUL)79113: তাহের, আবু 479, বাংলাদেশের মুক্তিযুদ্ধভিত্তিক চিত্রকলা /, [২০১৮]